EnviroSearch (Record no. 119843)

MARC details
000 -LEADER
fixed length control field 01039cam a2200253 4500
001 - CONTROL NUMBER
control field WS114148
008 - FIXED-LENGTH DATA ELEMENTS--GENERAL INFORMATION
fixed length control field 010815n 000 0 eng u
035 ## - SYSTEM CONTROL NUMBER
System control number (Sirsi) u114148
110 ## - MAIN ENTRY--CORPORATE NAME
Corporate name or jurisdiction name as entry element Landmark Information Group
9 (RLIN) 4113
245 ## - TITLE STATEMENT
Title EnviroSearch
520 ## - SUMMARY, ETC.
Summary, etc. Web site offering information concerning the environmental risks associated with buying and selling property. A free service allows you to search by postcode to give an environmental profile of a neighbourhood and a more detailed survey is available for a fee. Includes an outline of the types of hazard which may affect property.
650 ## - SUBJECT ADDED ENTRY--TOPICAL TERM
Topical term or geographic name entry element POLLUTION
650 ## - SUBJECT ADDED ENTRY--TOPICAL TERM
Topical term or geographic name entry element FLOODING
650 ## - SUBJECT ADDED ENTRY--TOPICAL TERM
Topical term or geographic name entry element CONTAMINATED LAND
650 ## - SUBJECT ADDED ENTRY--TOPICAL TERM
Topical term or geographic name entry element ENVIRONMENTAL SEARCHES
650 ## - SUBJECT ADDED ENTRY--TOPICAL TERM
Topical term or geographic name entry element LANDFILL
650 ## - SUBJECT ADDED ENTRY--TOPICAL TERM
Topical term or geographic name entry element RADON
650 ## - SUBJECT ADDED ENTRY--TOPICAL TERM
Topical term or geographic name entry element OVERHEAD TRANSMISSION LINES
650 ## - SUBJECT ADDED ENTRY--TOPICAL TERM
Topical term or geographic name entry element SUBSIDENCE
650 ## - SUBJECT ADDED ENTRY--TOPICAL TERM
Topical term or geographic name entry element HAZARDOUS SUBSTANCES
690 ## - LOCAL SUBJECT ADDED ENTRY--TOPICAL TERM (OCLC, RLIN)
Topical term or geographic name as entry element ENVIRONMENTAL AND LAND CONSULTANCY
856 40 - ELECTRONIC LOCATION AND ACCESS
Uniform Resource Identifier <a href="https://www.envirosearch.info">https://www.envirosearch.info</a>
Public note View the website free of charge at www.envirosearch.info...
942 ## - ADDED ENTRY ELEMENTS (KOHA)
Suppress in OPAC 0
Holdings
Withdrawn status Lost status Source of classification or shelving scheme Damaged status Not for loan Home library Current library Shelving location Date acquired Total Checkouts Full call number Barcode Date last seen Copy number Price effective from Koha item type
    Dewey Decimal Classification     Virtual Virtual Online 15/08/2001   WEB SITE 114148-2001 06/08/2019 1 06/08/2019 Online material